[Event "Aktiv-Alliancen 2000"]
[Site "Taastrup"]
[Date "2000.01.22"]
[Round "2"]
[White "Pedersen, Bent O"]
[Black "Danielsen, Heini"]
[Result "0-1"]
[WhiteElo "1751"]
[BlackElo "2135"]
[PlyCount "80"]
[EventDate "2000.??.??"]


1. e4 c5 2. Nf3 Nc6 3. d4 cxd4 4. Nxd4 Nf6 5. Nc3 e5 6. Ndb5 d6 7. Bg5 a6 8.
Na3 b5 9. Nd5 Be7 10. Bxf6 Bxf6 11. c3 O-O 12. Nc2 Rb8 13. Be2 Bg5 14. O-O a5
15. a3 Be6 16. Nce3 Bxe3 17. Nxe3 g6 18. Qd2 Kh8 19. Nd5 f5 20. f3 Qd7 21. a4
bxa4 22. Rxa4 Bxd5 23. exd5 Nd4 24. Ra3 Nb3 25. Qc2 a4 26. Bc4 Nc5 27. b4 axb3
28. Bxb3 Qb7 29. Rb1 Qc7 30. Qa2 Rb7 31. Bc2 Rfb8 32. Rxb7 Qxb7 33. Kf1 Qb2 34.
Ke2 Qc1 35. Ra8 Rxa8 36. Qxa8+ Kg7 37. Qa2 Qg1 38. Qb1 Qxg2+ 39. Kd1 Qxf3+ 40.
Kc1 Qxc3 0-1

[Event "Aktiv-Alliancen 2000"]
[Site "Taastrup"]
[Date "2000.01.22"]
[Round "2"]
[White "Nielsen, Borge Hjerrild"]
[Black "Kaaber Hansen, Jacob"]
[Result "1-0"]
[WhiteElo "2135"]
[BlackElo "1703"]
[PlyCount "105"]
[EventDate "2000.??.??"]


1. d4 Nf6 2. c4 g6 3. Nf3 Bg7 4. g3 c6 5. Bg2 d5 6. b3 O-O 7. O-O Bf5 8. Nc3
Nbd7 9. e3 Ne4 10. Bb2 Nxc3 11. Bxc3 Nf6 12. Nh4 Bg4 13. Qc2 Qd7 14. Rfe1 Bh3
15. Bh1 Rad8 16. Rac1 h6 17. f4 Bf5 18. Nxf5 gxf5 19. Bf3 Kh8 20. h3 Rg8 21.
Kh2 Ne4 22. Bxe4 fxe4 23. Qe2 Rc8 24. Qh5 f5 25. Rg1 e6 26. Bb4 Kh7 27. g4 Qe8
28. Qh4 Bf8 29. g5 Rg6 30. Bxf8 Qxf8 31. gxh6 Rxh6 32. Qg5 Rc7 33. Rg3 Rg7 34.
Qxg7+ Qxg7 35. Rxg7+ Kxg7 36. b4 Rg6 37. b5 Kh7 38. bxc6 bxc6 39. Rc3 Rg7 40.
cxd5 cxd5 41. Rc6 Rb7 42. Kg3 a5 43. Ra6 Rb5 44. Kh4 Kg7 45. Kg5 Rb2 46. Ra7+
Kg8 47. Rxa5 Re2 48. Kg6 Rg2+ 49. Kf6 Rg3 50. Ra3 Rxh3 51. Kxe6 Rh2 52. Kxd5
Kf7 53. Ke5 1-0

[Event "Aktiv-Alliancen 2000"]
[Site "Taastrup"]
[Date "2000.01.22"]
[Round "2"]
[White "Nielsen, Michael"]
[Black "Nohr, Finn"]
[Result "1/2-1/2"]
[WhiteElo "1719"]
[BlackElo "2116"]
[PlyCount "94"]
[EventDate "2000.??.??"]


1. e4 e5 2. Nf3 Nc6 3. d4 exd4 4. Bc4 Nf6 5. e5 d5 6. Bb5 Ne4 7. Nxd4 Bc5 8.
Be3 Bd7 9. Bxc6 bxc6 10. Nd2 Nxd2 11. Qxd2 O-O 12. Qc3 Bb6 13. Nb3 f6 14. exf6
Qxf6 15. Qxf6 Rxf6 16. Nc5 Bg4 17. O-O Rg6 18. Kh1 Re8 19. b4 Bf5 20. c3 Be4
21. f3 Bd3 22. Rfe1 Bc4 23. a4 a5 24. Bd4 Kf7 25. Rxe8 Kxe8 26. Re1+ Kf7 27.
Nd7 Bxd4 28. cxd4 Rd6 29. Ne5+ Kf6 30. bxa5 c5 31. dxc5 Ra6 32. Nxc4 dxc4 33.
Rc1 Rxa5 34. Rxc4 Ke5 35. Kg1 Kd5 36. Rg4 g6 37. Kf2 Rxc5 38. Rg5+ Kc6 39.
Rxc5+ Kxc5 40. Ke3 Kb4 41. Kd4 c5+ 42. Kd5 c4 43. a5 c3 44. a6 c2 45. a7 c1=Q
46. a8=Q Qg5+ 47. Ke4 Qf5+ 1/2-1/2

[Event "Aktiv-Alliancen 2000"]
[Site "Taastrup"]
[Date "2000.01.22"]
[Round "2"]
[White "Schmidt, Horst Hubert"]
[Black "Pallesen, Jacob"]
[Result "0-1"]
[WhiteElo "1718"]
[BlackElo "2075"]
[PlyCount "78"]
[EventDate "2000.??.??"]


1. d4 f5 2. c4 Nf6 3. Bg5 e6 4. Nc3 b6 5. Nf3 Bb7 6. e3 Be7 7. Be2 O-O 8. O-O
d6 9. Nd2 Nbd7 10. Bf3 Bxf3 11. Nxf3 h6 12. Bh4 Qe8 13. h3 g5 14. Bxg5 hxg5 15.
Nxg5 Bd8 16. Qf3 Rb8 17. e4 Nh7 18. Nxh7 Kxh7 19. Qd3 Qg6 20. f4 Rg8 21. Qf3
Nf6 22. Rae1 Nh5 23. exf5 exf5 24. d5 Nxf4 25. Rf2 Bg5 26. g4 Rbe8 27. Ref1 Bh6
28. Qg3 fxg4 29. h4 Nh3+ 30. Kg2 Nxf2 31. Rxf2 Rgf8 32. b3 Rxf2+ 33. Qxf2 Rf8
34. Qe2 Qf5 35. Nb5 Qf3+ 36. Qxf3 gxf3+ 37. Kf1 Be3 38. Nxc7 Rg8 39. Ne6 Rg1#
0-1

[Event "Aktiv-Alliancen 2000"]
[Site "Taastrup"]
[Date "2000.01.22"]
[Round "2"]
[White "Nielsen, Jan Mose"]
[Black "Hau, Helge"]
[Result "1-0"]
[WhiteElo "2040"]
[BlackElo "1463"]
[PlyCount "72"]
[EventDate "2000.??.??"]


1. d4 f5 2. Bf4 Nf6 3. Qd3 d6 4. Nd2 g6 5. Ngf3 Bg7 6. e4 O-O 7. exf5 Bxf5 8.
Qb3+ Kh8 9. Ng5 Qe8 10. Bc4 e6 11. O-O-O Nc6 12. Ndf3 Na5 13. Qb4 Nxc4 14. Qxc4
Qc6 15. Qxc6 bxc6 16. Rhe1 Nd5 17. Bd2 Rae8 18. c4 Nb6 19. b3 h6 20. Ne4 Kh7
21. h3 d5 22. cxd5 cxd5 23. Nc5 g5 24. Ne5 Bxe5 25. Rxe5 Rf7 26. Rde1 Nd7 27.
Nxd7 Rxd7 28. Rxf5 exf5 29. Rxe8 Kg6 30. Re6+ Kg7 31. Bb4 h5 32. Re7+ Rxe7 33.
Bxe7 g4 34. Kd2 Kf7 35. Bc5 a6 36. Ke3 Kg6 1-0

[Event "Aktiv-Alliancen 2000"]
[Site "Taastrup"]
[Date "2000.01.22"]
[Round "2"]
[White "Dencker, Martin"]
[Black "Auchenberg, Per"]
[Result "0-1"]
[WhiteElo "1355"]
[BlackElo "2017"]
[PlyCount "42"]
[EventDate "2000.??.??"]


1. e4 c5 2. Nf3 e6 3. d4 cxd4 4. Nxd4 a6 5. Nc3 Qc7 6. Be3 b5 7. a4 b4 8. Nb1
Bb7 9. f3 Nf6 10. c3 d5 11. exd5 Nxd5 12. Qd3 Nd7 13. Bd2 Bd6 14. c4 Nf4 15.
Bxf4 Bxf4 16. b3 Nc5 17. Qc2 Be5 18. Qf2 Rd8 19. Nc2 Bxa1 20. Nxa1 Qe5+ 21. Be2
Nd3+ 0-1

[Event "Aktiv-Alliancen 2000"]
[Site "Taastrup"]
[Date "2000.01.22"]
[Round "2"]
[White "Foslund, Kasper"]
[Black "Christiansen, Erling Molbaek"]
[Result "1/2-1/2"]
[WhiteElo "1178"]
[BlackElo "1805"]
[PlyCount "65"]
[EventDate "2000.??.??"]


1. e4 e5 2. Nf3 Nc6 3. Bb5 Nd4 4. Be2 Nxf3+ 5. Bxf3 Bc5 6. c3 Qf6 7. b4 Bb6 8.
Bb2 Qe7 9. a3 Nf6 10. O-O O-O 11. g3 c6 12. Re1 d6 13. a4 a6 14. Na3 Be6 15.
Qe2 Nd7 16. Nc2 f5 17. exf5 Rxf5 18. Ne3 Rf6 19. Rf1 Raf8 20. Bg4 Bxg4 21. Qxg4
Rf3 22. Rae1 d5 23. Re2 R8f7 24. Nc2 Qf8 25. d4 e4 26. Qh3 Bc7 27. Qg2 Bd8 28.
Ne3 Bg5 29. Bc1 Bh6 30. Bd2 Bxe3 31. Bxe3 Nb6 32. Ra2 Nc4 33. Re2 1/2-1/2

[Event "Aktiv-Alliancen 2000"]
[Site "Taastrup"]
[Date "2000.01.22"]
[Round "2"]
[White "Holst, Thorsten"]
[Black "Nielsen, Dagh"]
[Result "1-0"]
[WhiteElo "1411"]
[BlackElo "1744"]
[PlyCount "71"]
[EventDate "2000.??.??"]


1. e4 c5 2. Nf3 d6 3. d4 cxd4 4. Nxd4 Nf6 5. Nc3 a6 6. Be3 Ng4 7. Qd2 Nxe3 8.
Qxe3 e6 9. Be2 Be7 10. O-O O-O 11. Bd3 Bd7 12. f4 Qb6 13. Qf2 Nc6 14. Nxc6
Qxf2+ 15. Rxf2 bxc6 16. Kh1 Bf6 17. Nd1 Bd4 18. Re2 f6 19. c3 Bb6 20. Ne3 a5
21. Bc4 d5 22. exd5 exd5 23. Nxd5 cxd5 24. Bxd5+ Kh8 25. Bxa8 Rxa8 26. Re7 Bf5
27. Rae1 Kg8 28. Rb7 Bc5 29. b4 axb4 30. cxb4 Bd6 31. Kg1 Bxf4 32. Ree7 Be5 33.
Rxg7+ Kf8 34. Rbf7+ Ke8 35. Re7+ Kd8 36. Rxe5 1-0

[Event "Aktiv-Alliancen 2000"]
[Site "Taastrup"]
[Date "2000.01.22"]
[Round "2"]
[White "Madsen, Ole Bang"]
[Black "Thogersen, Kim"]
[Result "0-1"]
[WhiteElo "1404"]
[BlackElo "1636"]
[PlyCount "86"]
[EventDate "2000.??.??"]


1. e4 c5 2. Nc3 Nc6 3. Nf3 d6 4. d4 cxd4 5. Nxd4 Nf6 6. Bb5 Bd7 7. O-O e6 8.
Re1 Be7 9. Re3 O-O 10. Nxc6 bxc6 11. Bd3 e5 12. h3 Be6 13. b3 Qa5 14. Bb2 Rad8
15. a3 g6 16. Ne2 Nh5 17. c4 Bg5 18. Rf3 d5 19. cxd5 cxd5 20. b4 Qb6 21. Qb1 d4
22. Bc1 Bxc1 23. Qxc1 Rc8 24. Qh6 Bc4 25. Rc1 Bxd3 26. Rxc8 Rxc8 27. Rxd3 Rc2
28. Rd2 Qc7 29. g4 Nf6 30. f3 Nd7 31. Kf1 Qc4 32. Ke1 d3 33. Rxc2 Qxc2 34. Nc1
Qg2 35. Nxd3 Qxf3 36. Kd2 Qxe4 37. Qe3 Qd5 38. Ke1 f6 39. Nf2 Nb6 40. Ne4 Kg7
41. h4 Qd4 42. Ke2 Qxe3+ 43. Kxe3 Nc4+ 0-1

[Event "Aktiv-Alliancen 2000"]
[Site "Taastrup"]
[Date "2000.01.22"]
[Round "2"]
[White "Korolev, Nikolaj"]
[Black "Dalso, Svend"]
[Result "1-0"]
[WhiteElo "1600"]
[BlackElo "1406"]
[PlyCount "27"]
[EventDate "2000.??.??"]


1. e4 b6 2. d4 Bb7 3. Nc3 e6 4. g3 Nf6 5. Bg2 Bb4 6. Bg5 h6 7. Bxf6 Qxf6 8. e5
Qd8 9. Bxb7 c6 10. Bxa8 Qc7 11. Nge2 O-O 12. a3 Be7 13. Qd3 Na6 14. Qxa6 1-0

[Event "Aktiv-Alliancen 2000"]
[Site "Taastrup"]
[Date "2000.01.22"]
[Round "2"]
[White "Jensen, Alexander Lindberg"]
[Black "Foslund, Peter"]
[Result "0-1"]
[WhiteElo "1257"]
[BlackElo "1576"]
[PlyCount "122"]
[EventDate "2000.??.??"]


1. d4 Nf6 2. Nf3 d5 3. e3 g6 4. Nc3 Bg7 5. Bd3 Nc6 6. O-O O-O 7. Re1 Nb4 8. a3
Nxd3 9. cxd3 c6 10. e4 dxe4 11. dxe4 Bg4 12. Be3 e6 13. h3 Bxf3 14. Qxf3 Qd7
15. Rad1 b6 16. Rd2 Qb7 17. Red1 Nd7 18. Qe2 b5 19. f3 Nb6 20. b3 a5 21. a4 b4
22. Na2 Rfd8 23. Nc1 f5 24. e5 Nd5 25. Qd3 Nc3 26. Re1 Rd5 27. Ne2 Nxe2+ 28.
Rexe2 Bxe5 29. Bf2 Bf4 30. Rd1 Qd7 31. g3 Bd6 32. Kg2 Re8 33. Kh1 Kg7 34. Kg2
e5 35. Qc4 e4 36. f4 Bf8 37. Be3 Rc8 38. Red2 Qb7 39. Kh2 Rcd8 40. Rc1 c5 41.
Rcc2 cxd4 42. Bxd4+ Kh6 43. Be3 Rxd2+ 44. Bxd2 Rd3 45. g4 Bd6 46. g5+ Kg7 47.
Bc1 Qd5 48. Bb2+ Kf7 49. Kg1 Bxf4 50. Bf6 Rd1+ 51. Kf2 Qxc4 52. bxc4 Ke6 53. c5
Kd7 54. c6+ Kc7 55. Rc5 b3 56. Rb5 Kxc6 57. Rxb3 Rd2+ 58. Ke1 Ra2 59. Kd1 Rxa4
60. Kc2 Rc4+ 61. Kd1 a4 0-1

[Event "Aktiv-Alliancen 2000"]
[Site "Taastrup"]
[Date "2000.01.22"]
[Round "2"]
[White "Theander, Stig"]
[Black "Helleberg, Jorgen"]
[Result "1-0"]
[WhiteElo "1546"]
[BlackElo "1270"]
[PlyCount "115"]
[EventDate "2000.??.??"]


1. e4 c6 2. d4 d5 3. e5 Bf5 4. Bd3 Bxd3 5. Qxd3 e6 6. f4 Qb6 7. Nf3 c5 8. c3
Nc6 9. O-O cxd4 10. cxd4 Nge7 11. g4 h5 12. h3 hxg4 13. hxg4 O-O-O 14. Nbd2 Ng6
15. Nb3 Be7 16. Bd2 Rh3 17. Kg2 Rdh8 18. Rh1 Rxh1 19. Rxh1 Rxh1 20. Kxh1 Kb8
21. f5 Nf8 22. Kg2 a6 23. Kg3 a5 24. a4 Nb4 25. Qc3 Qc7 26. Qxc7+ Kxc7 27. Nxa5
Nd3 28. Bc3 f6 29. Nb3 Kc6 30. Kg2 b6 31. Kf1 b5 32. axb5+ Kxb5 33. Ke2 Nb4 34.
Bxb4 Kxb4 35. Nbd2 g6 36. Nh4 gxf5 37. gxf5 Kb5 38. Ng6 Bb4 39. exf6 exf5 40.
Nxf8 Bxf8 41. Kf3 Bd6 42. Kg2 Kb4 43. Kh3 f4 44. Kg4 Kb5 45. Kf5 Kc6 46. Ke6
Bb4 47. Nf3 Bf8 48. Kf7 Bd6 49. Ke8 Kb5 50. f7 Kc4 51. f8=Q Bxf8 52. Kxf8 Kb3
53. Ke7 Kxb2 54. Ke6 Kc3 55. Kf5 Kc4 56. Kxf4 Kd3 57. Ke5 Kc4 58. Kd6 1-0

[Event "Aktiv-Alliancen 2000"]
[Site "Taastrup"]
[Date "2000.01.22"]
[Round "2"]
[White "Jorgensen, Morten"]
[Black "Christoffersen, Eskild"]
[Result "1/2-1/2"]
[WhiteElo "1117"]
[BlackElo "1508"]
[PlyCount "69"]
[EventDate "2000.??.??"]


1. e4 c6 2. d4 d5 3. e5 Bf5 4. Nf3 e6 5. Be2 c5 6. O-O Nc6 7. c3 h6 8. Na3 Qb6
9. Bb5 O-O-O 10. Bxc6 Qxc6 11. Be3 Kb8 12. Qd2 Bg4 13. Ne1 f6 14. f4 c4 15. Nf3
Ne7 16. Nc2 Nf5 17. a3 Be7 18. Qf2 Bxf3 19. Qxf3 g5 20. exf6 Bxf6 21. Bf2 Nd6
22. Bg3 Ka8 23. fxg5 Bxg5 24. Bxd6 Qxd6 25. Qe2 Rhf8 26. Ne3 Rxf1+ 27. Rxf1 Rf8
28. Rxf8+ Qxf8 29. Ng4 Qf5 30. g3 h5 31. Ne5 Kb8 32. Nd7+ Kc7 33. Ne5 Kd6 34.
Kg2 Bh6 35. h3 1/2-1/2

[Event "Aktiv-Alliancen 2000"]
[Site "Taastrup"]
[Date "2000.01.22"]
[Round "2"]
[White "Christensen, Aage"]
[Black "Traerup, Jorgen"]
[Result "1-0"]
[WhiteElo "1506"]
[BlackElo "1189"]
[PlyCount "121"]
[EventDate "2000.??.??"]


1. e4 c5 2. c3 Nc6 3. d4 cxd4 4. cxd4 e6 5. Nc3 Bb4 6. a3 Bxc3+ 7. bxc3 d5 8.
e5 h6 9. Qg4 g6 10. Bd3 Nce7 11. Nh3 Nf5 12. g3 Nge7 13. a4 Qc7 14. Bd2 Bd7 15.
O-O Rc8 16. Nf4 a6 17. Qe2 Kf8 18. Ng2 Qd8 19. g4 Ng7 20. f4 h5 21. gxh5 Rxh5
22. Ne3 Ng8 23. Be1 Nh6 24. Qg2 Qe8 25. Be2 Nhf5 26. Ng4 Rh8 27. Nf6 Qd8 28.
Bd2 Ne8 29. Nxe8 Qxe8 30. Qg5 Qe7 31. Qxe7+ Kxe7 32. Rfb1 Bc6 33. Rb6 Rh4 34.
Be1 Rxf4 35. Bd2 Re4 36. Bf3 Kd7 37. Bxe4 dxe4 38. Rb4 Rh8 39. Re1 Rh4 40. Be3
Nxe3 41. Rxe3 Rf4 42. a5 Rf3 43. Rxf3 exf3 44. Kf2 Ke7 45. Rb1 f5 46. Rg1 Kf7
47. h4 Be4 48. Rg5 Bd5 49. h5 gxh5 50. Rxh5 Ke8 51. Rh1 Kd8 52. Rc1 Bc6 53. c4
Kd7 54. Rd1 Be4 55. d5 exd5 56. cxd5 Ke7 57. d6+ Kd8 58. e6 Bc6 59. Rh1 b5 60.
Rh8+ Be8 61. d7 1-0

[Event "Aktiv-Alliancen 2000"]
[Site "Taastrup"]
[Date "2000.01.22"]
[Round "2"]
[White "Jacobsen, Jesper Howalt"]
[Black "Jensen, Dan Bronnum"]
[Result "0-1"]
[WhiteElo "1000"]
[BlackElo "1487"]
[PlyCount "68"]
[EventDate "2000.??.??"]


1. d4 d5 2. Bf4 Nf6 3. Nf3 e6 4. h3 Nbd7 5. e3 c5 6. c3 cxd4 7. exd4 Be7 8. Be2
O-O 9. Qc2 Ne4 10. Nbd2 f5 11. Nxe4 fxe4 12. Ne5 Rxf4 13. g3 Rf8 14. O-O Bd6
15. Ng4 Nf6 16. Kg2 Nxg4 17. hxg4 Qf6 18. f3 Qg6 19. f4 Bd7 20. g5 Qe8 21. Qd2
Bb5 22. Qe3 Bxe2 23. Qxe2 g6 24. Rh1 Rf7 25. Rh4 b5 26. a3 a5 27. Rah1 b4 28.
Kf2 bxa3 29. bxa3 Bxa3 30. Ke3 Rb8 31. Qa2 Qa4 32. Ra1 Rb3 33. Qc2 Rc7 34. Kd2
Rb2 0-1

[Event "Aktiv-Alliancen 2000"]
[Site "Taastrup"]
[Date "2000.01.22"]
[Round "2"]
[White "Radovic, Slobodan"]
[Black "Pedersen, Andre"]
[Result "1-0"]
[WhiteElo "1483"]
[BlackElo "1150"]
[PlyCount "97"]
[EventDate "2000.??.??"]


1. e4 c5 2. Nc3 a6 3. a4 Nc6 4. f4 e6 5. Nf3 d6 6. Bc4 Nge7 7. O-O Ng6 8. d4
cxd4 9. Ne2 Be7 10. Kh1 O-O 11. Nexd4 Bf6 12. c3 Qd7 13. Be3 Re8 14. Bd3 Qe7
15. Qd2 Bd7 16. Bc2 Rac8 17. Rae1 Na5 18. Bf2 Nc4 19. Qc1 Nb6 20. Nf5 Qf8 21.
Bxb6 exf5 22. exf5 Ne7 23. Qd1 Bxf5 24. Ng5 Bxc2 25. Qxc2 Bxg5 26. fxg5 Ng6 27.
Bd4 Rxe1 28. Rxe1 Re8 29. Qf2 Re7 30. g3 Qe8 31. Rxe7 Qxe7 32. h4 Qe4+ 33. Qg2
Qxg2+ 34. Kxg2 Ne7 35. Kf3 Nf5 36. Bf2 g6 37. g4 Ne7 38. Ke4 Kf8 39. Bg3 d5+
40. Kd4 Ke8 41. Bd6 Ng8 42. Kxd5 f6 43. Ke6 fxg5 44. hxg5 h6 45. gxh6 Nxh6 46.
g5 Nf7 47. Bf4 Kf8 48. a5 Kg7 49. Ke7 1-0

[Event "Aktiv-Alliancen 2000"]
[Site "Taastrup"]
[Date "2000.01.22"]
[Round "2"]
[White "Andersen, Nick Brix"]
[Black "Lauritsen, Martin Lee"]
[Result "1-0"]
[WhiteElo "1450"]
[BlackElo "1100"]
[PlyCount "123"]
[EventDate "2000.??.??"]


1. d4 Nf6 2. c4 e6 3. Nc3 c5 4. e3 Nc6 5. Nf3 Be7 6. Bd3 Qb6 7. Bb1 O-O 8. O-O
d5 9. cxd5 exd5 10. a3 Bg4 11. Qd3 Bxf3 12. gxf3 g6 13. dxc5 Qxc5 14. b4 Qd6
15. f4 Rfd8 16. Ne2 Qe6 17. f3 Rac8 18. Bb2 Bf8 19. f5 Qe7 20. fxg6 fxg6 21.
Ba2 Bg7 22. Nf4 Ne5 23. Bxe5 Qxe5 24. Rad1 Qg5+ 25. Kh1 a5 26. Nxd5 Nxd5 27.
Bxd5+ Kh8 28. Qb5 Rc2 29. f4 Qh5 30. Bg2 Qxb5 31. Rxd8+ Bf8 32. Rxf8+ Kg7 33.
Rb8 axb4 34. Rxb7+ Qxb7 35. Bxb7 bxa3 36. Bd5 a2 37. Ra1 Re2 38. e4 Rf2 39.
Rxa2 Rxf4 40. Kg2 h5 41. h3 h4 42. Rf2 Rxf2+ 43. Kxf2 Kf6 44. Kf3 Ke5 45. Bf7
g5 46. Bh5 Kd4 47. Bg4 Ke5 48. Ke3 Kd6 49. Kd4 Ke7 50. Ke5 Kf7 51. Kf5 Kg7 52.
Kxg5 Kf7 53. Kxh4 Kg7 54. Kg5 Kf7 55. Bf5 Kg7 56. Bg6 Kg8 57. Kf6 Kf8 58. e5
Kg8 59. e6 Kf8 60. h4 Kg8 61. e7 Kh8 62. e8=Q# 1-0

[Event "Aktiv-Alliancen 2000"]
[Site "Taastrup"]
[Date "2000.01.23"]
[Round "3"]
[White "Pallesen, Jacob"]
[Black "Christensen, Bo Garner"]
[Result "1-0"]
[WhiteElo "2075"]
[BlackElo "2204"]
[PlyCount "152"]
[EventDate "2000.??.??"]


1. d4 Nf6 2. c4 g6 3. Nc3 Bg7 4. e4 d6 5. Be2 O-O 6. Nf3 e5 7. d5 a5 8. Bg5 h6
9. Bh4 Na6 10. Nd2 Qe8 11. a3 Bd7 12. b3 g5 13. Bg3 Nc5 14. f3 Nh5 15. b4 Nxg3
16. hxg3 axb4 17. axb4 Na6 18. Qb1 Qe7 19. g4 c5 20. bxc5 Nxc5 21. Rxa8 Rxa8
22. Kf2 Qf6 23. Nb3 b6 24. Nxc5 bxc5 25. Qb7 Rd8 26. Ke3 Bf8 27. g3 Qe7 28. Bd1
Qe8 29. Rh2 Rb8 30. Qa6 Rb4 31. Kd3 Qb8 32. Ra2 Kg7 33. Qa7 Qc8 34. Qa8 Rb8 35.
Qa6 Rb7 36. Ba4 Bxa4 37. Qxa4 h5 38. Qc6 Rc7 39. Qa8 Qxa8 40. Rxa8 h4 41. Ke2
Rd7 42. Nb5 Kg8 43. Kf2 f6 44. gxh4 gxh4 45. Kg2 Kf7 46. Kh3 Bh6 47. Kxh4 Kg6
48. Kg3 Bf4+ 49. Kf2 Kf7 50. Ra6 Ke7 51. Ke2 Bh6 52. Kd3 Bg5 53. Kc3 Bh6 54.
Kb3 Bd2 55. Ka4 Be1 56. Na7 Rb7 57. Nc8+ Kd7 58. Nxd6 Rb1 59. Rc6 Bb4 60. Nb7
Ra1+ 61. Kb5 Ke7 62. Nxc5 Bxc5 63. Kxc5 Rf1 64. Rc7+ Kd8 65. Kd6 Rh1 66. Ra7
Kc8 67. c5 Rh6 68. Re7 f5+ 69. Re6 Rh7 70. c6 Kd8 71. gxf5 Rh1 72. Kxe5 Ra1 73.
f6 Rh1 74. f7 Rh8 75. Re8+ Rxe8+ 76. fxe8=Q+ Kxe8 1-0

[Event "Aktiv-Alliancen 2000"]
[Site "Taastrup"]
[Date "2000.01.23"]
[Round "3"]
[White "Jorgensen, Brian"]
[Black "Nielsen, Borge Hjerrild"]
[Result "1-0"]
[WhiteElo "2198"]
[BlackElo "2135"]
[PlyCount "53"]
[EventDate "2000.??.??"]


1. d4 d5 2. c4 dxc4 3. e3 Nf6 4. Bxc4 e6 5. Nf3 a6 6. O-O c5 7. Nc3 Nc6 8. a3
cxd4 9. exd4 Be7 10. Bf4 O-O 11. Rc1 Qb6 12. Qd2 Bd7 13. Ba2 Rac8 14. Rcd1 Rfd8
15. Qe2 Be8 16. d5 exd5 17. Bxd5 Bf8 18. Bg5 Rd6 19. Bxf6 Rxf6 20. Ne4 Rh6 21.
Neg5 Ne7 22. Ba2 Rf6 23. Rfe1 Bb5 24. Qe4 Ng6 25. Nxf7 Rxf7 26. Bxf7+ Kxf7 27.
Ng5+ 1-0

[Event "Aktiv-Alliancen 2000"]
[Site "Taastrup"]
[Date "2000.01.23"]
[Round "3"]
[White "Auchenberg, Per"]
[Black "Nolsoe, Eydun"]
[Result "0-1"]
[WhiteElo "2017"]
[BlackElo "2184"]
[PlyCount "80"]
[EventDate "2000.??.??"]


1. Nf3 Nf6 2. b3 d5 3. Bb2 e6 4. e3 Be7 5. Be2 O-O 6. O-O c5 7. c4 Nc6 8. cxd5
exd5 9. d4 Be6 10. dxc5 Ne4 11. Nbd2 Nxc5 12. Nd4 Nxd4 13. Bxd4 a6 14. Qc2 Rc8
15. Qb2 f6 16. b4 Na4 17. Qb3 b5 18. Rac1 Qd7 19. Bf3 Rfd8 20. a3 Bd6 21. Be2
Be5 22. Nf3 Qd6 23. h3 Kh8 24. Bd3 Nb6 25. Qb2 Nd7 26. Qb1 g6 27. Rxc8 Rxc8 28.
Rc1 Rc4 29. Bxc4 dxc4 30. Rd1 Qc7 31. Bxe5 Nxe5 32. Qe4 Nxf3+ 33. gxf3 Bg8 34.
Qd4 Qe7 35. Qd6 Qxd6 36. Rxd6 c3 37. Rc6 Bc4 38. Rc8+ Kg7 39. Rc7+ Kh6 40. Rd7
c2 0-1

[Event "Aktiv-Alliancen 2000"]
[Site "Taastrup"]
[Date "2000.01.23"]
[Round "3"]
[White "Petersen, Steen Brustrup"]
[Black "Nielsen, Jan Mose"]
[Result "1-0"]
[WhiteElo "2174"]
[BlackElo "2040"]
[PlyCount "59"]
[EventDate "2000.??.??"]


1. d4 Nf6 2. c4 c5 3. d5 b5 4. a4 b4 5. b3 d6 6. Bb2 e5 7. dxe6 fxe6 8. e3 Bb7
9. Nf3 Be7 10. Nbd2 Qd7 11. Bd3 Na6 12. Qc2 e5 13. O-O-O Qg4 14. h3 Qxg2 15.
Rh2 Bxf3 16. Rxg2 Bxg2 17. h4 Bc6 18. Ne4 O-O-O 19. Ng5 Rdf8 20. f4 exf4 21.
exf4 Nc7 22. Re1 Bd8 23. Bf5+ Bd7 24. Bxd7+ Kxd7 25. Qd3 h6 26. Nf3 Kc6 27. Rd1
Be7 28. Qe2 Rf7 29. Qg2 Kb6 30. a5+ 1-0

[Event "Aktiv-Alliancen 2000"]
[Site "Taastrup"]
[Date "2000.01.23"]
[Round "3"]
[White "Danielsen, Heini"]
[Black "Hansen, Rasmus Agertoft"]
[Result "1/2-1/2"]
[WhiteElo "2135"]
[BlackElo "1936"]
[PlyCount "130"]
[EventDate "2000.??.??"]


1. e4 e6 2. d4 d5 3. e5 c5 4. c3 Nc6 5. Nf3 Bd7 6. a3 Qb6 7. b4 cxd4 8. cxd4
Nge7 9. Nc3 Nf5 10. Na4 Qc7 11. Bb2 a6 12. Rc1 Rc8 13. Bd3 Qd8 14. Nc5 Bxc5 15.
Rxc5 b6 16. Rc1 a5 17. b5 Nce7 18. O-O O-O 19. a4 Rc7 20. Ba3 Re8 21. Qd2 Ng6
22. Bxf5 exf5 23. Bd6 Rb7 24. Rc3 Nh4 25. Nxh4 Qxh4 26. g3 Qg4 27. f3 Qg6 28.
Rfc1 h5 29. f4 Qg4 30. Kg2 h4 31. Rc7 Rxc7 32. Rxc7 Be6 33. Rc6 Rc8 34. Rxc8+
Bxc8 35. Bc7 Qg6 36. Qc3 Bd7 37. Qf3 hxg3 38. hxg3 Qe6 39. Qh5 Qe8 40. Qe2 Qe6
41. Qf3 Kh7 42. Qh5+ Kg8 43. Qh4 Bxb5 44. axb5 a4 45. Qd8+ Kh7 46. Qd6 a3 47.
Qxa3 Qd7 48. Qc3 Qxb5 49. Qc2 g6 50. Bd8 Qb4 51. Qf2 b5 52. Bb6 Qc4 53. Bc5 b4
54. Kh3 b3 55. Qb2 Qf1+ 56. Kh2 Qc4 57. Qd2 Qa4 58. Qb2 Qc4 59. Kg2 Qd3 60. Kh2
Qc4 61. Kg2 Kh6 62. Kf2 Qd3 63. Ke1 Qc4 64. Kf2 Qd3 65. Ba3 Qc4 1/2-1/2

[Event "Aktiv-Alliancen 2000"]
[Site "Taastrup"]
[Date "2000.01.23"]
[Round "3"]
[White "Dalso, Harry"]
[Black "Nielsen, Michael"]
[Result "0-1"]
[WhiteElo "1718"]
[BlackElo "1719"]
[PlyCount "120"]
[EventDate "2000.??.??"]


1. e4 c5 2. Nc3 d6 3. g3 g6 4. Bg2 Bg7 5. f4 e6 6. d3 Ne7 7. Nf3 O-O 8. O-O
Nbc6 9. Bd2 Rb8 10. Rb1 b5 11. a3 a5 12. Ne2 b4 13. axb4 axb4 14. g4 f5 15.
exf5 exf5 16. g5 Ba6 17. b3 Qb6 18. Kh1 Rfe8 19. Re1 Nd5 20. Ne5 dxe5 21. Bxd5+
Kh8 22. Ng3 Bb7 23. Kg1 exf4 24. Bxf4 Ne5 25. Bxe5 Bxe5 26. Qf3 Qc7 27. Kg2
Bxd5 28. Qxd5 Bf4 29. d4 cxd4 30. Qxd4+ Kg8 31. Rxe8+ Rxe8 32. Qc4+ Qxc4 33.
bxc4 Bxg5 34. Rxb4 f4 35. Rb5 fxg3 36. Rxg5 gxh2 37. Kxh2 Re2+ 38. Kh3 Rxc2 39.
c5 Kf7 40. Rd5 Ke6 41. Rd6+ Ke5 42. Rd7 h5 43. Rd6 g5 44. Rh6 Rc3+ 45. Kg2 h4
46. Rg6 Kf5 47. Rc6 g4 48. Rc8 Rc2+ 49. Kg1 g3 50. c6 h3 51. Rf8+ Ke6 52. Re8+
Kf7 53. Re1 Rxc6 54. Kh1 Kg6 55. Rd1 Kf5 56. Re1 Kf4 57. Rb1 Rc2 58. Rf1+ Ke3
59. Re1+ Re2 60. Rf1 g2+ 0-1

[Event "Aktiv-Alliancen 2000"]
[Site "Taastrup"]
[Date "2000.01.23"]
[Round "3"]
[White "Nohr, Finn"]
[Black "Foslund, Kasper"]
[Result "1-0"]
[WhiteElo "2116"]
[BlackElo "1178"]
[PlyCount "41"]
[EventDate "2000.??.??"]


1. e4 c5 2. c3 Nc6 3. d4 cxd4 4. cxd4 d6 5. d5 Nb8 6. Nc3 g6 7. Nf3 Bg7 8. Be2
f5 9. exf5 Bxf5 10. O-O Nd7 11. Nd4 Bxd4 12. Qxd4 Ne5 13. Bf4 Nf7 14. Bb5+ Kf8
15. Rac1 g5 16. Bxg5 h6 17. Bh4 Rh7 18. Bd3 Qd7 19. Nb5 Nf6 20. Bxf6 exf6 21.
Rc7 1-0

[Event "Aktiv-Alliancen 2000"]
[Site "Taastrup"]
[Date "2000.01.23"]
[Round "3"]
[White "Bjorntoft, Peter"]
[Black "Korolev, Nikolaj"]
[Result "1-0"]
[WhiteElo "2227"]
[BlackElo "1600"]
[PlyCount "53"]
[EventDate "2000.??.??"]


1. e4 c5 2. Nf3 d6 3. d4 cxd4 4. Nxd4 Nf6 5. Nc3 a6 6. Bc4 e6 7. Bb3 b5 8. f3
Bb7 9. Be3 Nbd7 10. Qd2 Rc8 11. O-O-O b4 12. Nce2 Qa5 13. g4 Nb6 14. Kb1 d5 15.
e5 Nfd7 16. f4 Be7 17. f5 Nxe5 18. fxe6 fxe6 19. Nxe6 Bf6 20. Bd4 Nbc4 21. Qf4
Ng6 22. Qf2 Bxd4 23. N2xd4 Rg8 24. Rhe1 Kd7 25. Qf7+ Ne7 26. Nxg7 Qc5 27. Bxc4
1-0

[Event "Aktiv-Alliancen 2000"]
[Site "Taastrup"]
[Date "2000.01.23"]
[Round "3"]
[White "Thogersen, Kim"]
[Black "Jensen, Soren G"]
[Result "1/2-1/2"]
[WhiteElo "1636"]
[BlackElo "2161"]
[PlyCount "99"]
[EventDate "2000.??.??"]


1. d4 Nf6 2. c4 e6 3. Nf3 b6 4. e3 Bb7 5. Nc3 Bb4 6. Bd2 O-O 7. Bd3 d6 8. O-O
h6 9. a3 Bxc3 10. Bxc3 Ne4 11. Nd2 Nxc3 12. bxc3 e5 13. e4 Qf6 14. d5 Nd7 15.
Nb3 g5 16. h4 Kg7 17. Qg4 Bc8 18. hxg5 hxg5 19. Qg3 Rh8 20. f3 a5 21. a4 Nf8
22. Kf2 Ng6 23. Ke2 Bd7 24. Bc2 Rh6 25. Nd2 Rah8 26. c5 Rh2 27. Rg1 dxc5 28.
Nf1 Qf4 29. Qf2 Rh1 30. Ne3 Rxg1 31. Rxg1 Qh2 32. Nc4 Bc8 33. Ne3 Bd7 34. Nc4
g4 35. fxg4 Bxg4+ 36. Ke1 Qh6 37. Ne3 Bc8 38. Kd1 Qf4 39. Qe2 Qg3 40. Kc1 Rh4
41. Nf5+ Bxf5 42. exf5 Ne7 43. c4 Qa3+ 44. Kb1 Qb4+ 45. Kc1 f6 46. g4 Qc3 47.
Kb1 Qd4 48. Qg2 Qxc4 49. g5 Qb4+ 50. Ka2 1/2-1/2